Quiz sur la Nièvre - Statistiques

Statistiques générales
  • Ce quiz a été pris 385 fois
    384 depuis la dernière actualisation
  • Le résultat moyen est 15 sur 20
Statistiques - réponses
Question Réponse % Correct
Numéro du département 58
97%
Préfecture et plus grande ville Nevers
97%
Fleuve qui traverse le département. La Loire
96%
Région Bourgogne-Franche-Comté
95%
Celui de Magny-Cours a permis Fernando Alonso d'arriver en tête. Circuit automobile
85%
Côte-d'Or
84%
Yonne
82%
Départements limitrophes Allier
81%
Cher
79%
Saône-et-Loire
79%
Pouilly-fumé et Poulliy-sur-Loire sont des ... produits dans la Nièvre. Vins
79%
Parc Naturel Régional situé sur son territoire. Parc Naturel Régional du Morvan
73%
Loiret
66%
Gentilé Nivernais
64%
Je suis une jeune femme témoin d'apparitions maritales et canonisée. Un site de pèlerinage m'est dédiée et c'est aujourd'hui l'un des lieux les plus visités de la Nièvre. Bernadette Soubirous
55%
Entre 2001 et 2008, le ... de la zone euro était situé dans la Nièvre. Centre
54%
Clamecy
52%
Sous-préfectures Château-Chinon
51%
Cosne-Cours-sur-Loire
45%
Nombre d'habitants (arrondi à la dizaine de milliers d'habitants) 210 000 (207182)
41%
Aucun quiz correspondant
Distribution des résultats
% des personnes avec chaque résultat
Percentile par nombre de réponses
Votre historique - résultats
Vous n’avez pas pris ce quiz depuis la dernière actualisation